000 00744cam a22002411 4500
001 75645
003 BD-RjUL
005 20211209082725.0
008 190507s1960 nyuac 000 0 eng
035 _a(BD-RjUL)75863
040 _aDLC
_cDLC
_dDLC
_beng
041 _aeng
082 0 0 _a658.42
_223
_bTOP 1960
100 1 _aMaynard, Harold Bright,
_d1902-
_eed.
_9231573
245 1 0 _aTop management handbook./
_cedited by H.B. Maynard
260 _aNew York,
_bMaGraw-Hill,
_c1960.
300 _axii, 1236 p.
_billus., ports., diagrs., tables.
_c24 cm.
650 0 _aTop management
_xHandbooks, manuals, etc.
_9231574
906 _a7
_bcbc
_corignew
_du
_eocip
_f19
_gy-gencatlg
942 _2ddc
_cBK
999 _c75645
_d75645